Costa Rica en evolución: política económica,desarrollo y cambio estructural del sistema socioeconómico costarricense,1980-2002 (Registro nro. 4396)
[ vista simple ]
| 000 -Cabecera | |
|---|---|
| Campo de control de longitud fija | 00706aam a2200241 4500 |
| 005 - Fecha y hora de la última transacción | |
| Campo de control | 20231024133452.0 |
| 008 - Elementos de longitud fija--Información general | |
| Campo de control de longitud fija | 150409b2003 xxu||||| |||| 00| 0 spa d |
| 020 ## - International Standard Book Number | |
| Número Internacional Estándar del Libro (ISBN) | 99776781624 |
| 041 ## - Idioma | |
| Código de idioma | Español |
| 082 ## - Clasificación Decimal Dewey | |
| Número de clasificación | 330.972 86 H632c |
| 100 ## - Entrada principal--Autor personal | |
| Nombre personal | Hidalgo Capitán, Antonio Luis |
| 9 (RLIN) | 7747 |
| 245 ## - Título propiamente dicho | |
| Título | Costa Rica en evolución: política económica,desarrollo y cambio estructural del sistema socioeconómico costarricense,1980-2002 |
| 260 ## - Pie de imprenta | |
| Lugar de publicación, distribución, etc. | Costa Rica |
| 260 ## - Pie de imprenta | |
| Nombre del editor, distribuidor, etc. | EUCR |
| 260 ## - Pie de imprenta | |
| Fecha de publicación, distribución, etc. | 2003 |
| 300 ## - Descripción física | |
| Extensión | 390 páginas |
| 650 ## - Materia general | |
| Temática (materia general) | ECONOMIA |
| 650 ## - Materia general | |
| Temática (materia general) | POLITICA ECONOMICA |
| 650 ## - Materia general | |
| Temática (materia general) | DESARROLLO SOCIAL |
| 650 ## - Materia general | |
| Temática (materia general) | CONDICIONES ECONOMICAS |
| 650 ## - Materia general | |
| Temática (materia general) | CODESA |
| 942 ## - Punto de acceso adicional KOHA | |
| Tipo de ítem KOHA | Libro |
| Fuente del sistema de clasificación o colocación | Dewey Decimal Classification |
| Signatura completa | Código de barras | Tipo de ítem |
|---|---|---|
| 330.972 86 H632c | 20928 | Libro |
| 330.972 86 H632c | 42 | Libro |